| 000 | 00895nam a2200277 i 4500 | ||
|---|---|---|---|
| 001 | 60146 | ||
| 003 | ES-MaACL | ||
| 005 | 20250827062609.0 | ||
| 007 | t| | ||
| 008 | 031103s1986 sp ||||1| spa d | ||
| 020 | _a84-309-1276-2 | ||
| 110 | 1 |
_aEspaña _93622 |
|
| 240 | 1 | 0 | _aCódigo de la circulación |
| 245 | 1 | 0 |
_aCódigo de la circulación, responsabilidad y seguros / _cedición preparada por José Benavides Suárez y Juan Aznar de Argumosa. |
| 250 | _a2ª ed. | ||
| 260 |
_aMadrid : _bTecnos, _c1986. |
||
| 300 |
_a527 p. : _bil. ; _c17 cm. |
||
| 490 | 1 | _aBiblioteca de textos legales | |
| 500 | _aÍndices. | ||
| 650 | 4 |
_aTráfico- _vLegislación- _zEspaña. _9168806 |
|
| 700 | 1 |
_aBenavides Suárez, José. _927461 |
|
| 700 | 1 |
_aAznar de Argumosa, Juan. _924306 |
|
| 830 | 1 |
_aBiblioteca de textos legales _9177271 |
|
| 852 | 4 |
_aES-MaACL _jL-11719 |
|
| 999 |
_c60146 _d60146 |
||